000 00520nam a2200217Ia 4500
005 20241216010251.0
008 180423s9999||||xx |||||||||||||| ||und||
082 _a339
_bA69
100 _aARGANDOÑA RAMIZ, ANTONIO
245 0 _aMACROECONOMIA AVANZADA II
250 _a0
260 _c1997
300 _a0 pag.
_c0 cm
341 _h0
490 _v0
_a0
505 _aMODELOS NEOCLASICOS/NEOKEYNESIANOS/RAMSEY/
541 _d05-Dec-04
650 _aCIENCIAS SOCIALES
856 _zHumanidades
942 _cLIBRO
999 _c9952
_d9952